| 000 | 00620nam a22001937a 4500 | ||
|---|---|---|---|
| 003 | UPN | ||
| 005 | 20250603185202.0 | ||
| 008 | 250603s2005 fr| |||fr |||i000 0 spa d | ||
| 040 |
_aMX-MxUPN _bspa _cMX-MxUPN |
||
| 041 | _aspa | ||
| 050 |
_aAS4 U8 P76 _b2005 |
||
| 110 | 2 |
_aUnesco. _bConferencia General _n(33° : _d2005 : _cParís) _956054 |
|
| 245 | _a33 C/5 Rev. Add. PRoyecto de programa y presupuesto para 2006-2007. Revisado. Addemdum | ||
| 260 |
_aParís : _bUNESCO, _c2005 |
||
| 300 | _a42 páginas | ||
| 650 | 0 |
_aUNESCO _xProgramas _955990 |
|
| 902 | _aMaiella Martínez / 03052025 | ||
| 942 |
_2lcc _cLIBRO _n0 |
||
| 999 |
_c213410 _d213410 |
||